narrative and discursive approaches in entreneurship: (Record no. 9107)
[ view plain ]
| 000 -LEADER | |
|---|---|
| fixed length control field | 00645nam a22002057a 4500 |
| 003 - CONTROL NUMBER IDENTIFIER | |
| control field | OSt |
| 005 - DATE AND TIME OF LATEST TRANSACTION | |
| control field | 20240709112747.0 |
| 008 - FIXED-LENGTH DATA ELEMENTS--GENERAL INFORMATION | |
| fixed length control field | 240709b |||||||| |||| 00| 0 eng d |
| 020 ## - INTERNATIONAL STANDARD BOOK NUMBER | |
| International Standard Book Number | 1845424271 |
| 040 ## - CATALOGING SOURCE | |
| Transcribing agency | must |
| 082 ## - DEWEY DECIMAL CLASSIFICATION NUMBER | |
| Classification number | 338.04 NAR 2004 |
| 245 ## - TITLE STATEMENT | |
| Title | narrative and discursive approaches in entreneurship: |
| Remainder of title | A second movements in entrepreneurship book/ |
| Statement of responsibility, etc. | edited by Daniel HJorth and Chris Steyaert. |
| 260 ## - PUBLICATION, DISTRIBUTION, ETC. (IMPRINT) | |
| Place of publication, distribution, etc. | Cheltenham: |
| Name of publisher, distributor, etc. | Esbri; |
| Date of publication, distribution, etc. | c2004. |
| 300 ## - PHYSICAL DESCRIPTION | |
| Extent | viii,318p.: |
| Dimensions | 24cm. |
| 504 ## - BIBLIOGRAPHY, ETC. NOTE | |
| Bibliography, etc | Includes references |
| 650 ## - SUBJECT ADDED ENTRY--TOPICAL TERM | |
| Source of heading or term | entrepreneurship |
| 700 ## - ADDED ENTRY--PERSONAL NAME | |
| Personal name | Hjorth,Daniel |
| 9 (RLIN) | 18540 |
| 700 ## - ADDED ENTRY--PERSONAL NAME | |
| Personal name | Steyaert,Chris. |
| 9 (RLIN) | 18541 |
| 942 ## - ADDED ENTRY ELEMENTS (KOHA) | |
| Source of classification or shelving scheme | Dewey Decimal Classification |
| Koha item type | Open Shelf |
| Withdrawn status | Lost status | Source of classification or shelving scheme | Damaged status | Not for loan | Home library | Current library | Date acquired | Source of acquisition | Inventory number | Total Checkouts | Full call number | Barcode | Date last seen | Price effective from | Koha item type |
|---|---|---|---|---|---|---|---|---|---|---|---|---|---|---|---|
| Dewey Decimal Classification | MUST Main Library | MUST Main Library | 09/07/2024 | Donation | 06/27923 | 338.04 NAR 2004 | 2024-21857 | 09/07/2024 | 09/07/2024 | Open Shelf |
